Normal view
MARC view
Entry Corporate Name
001 - CONTROL NUMBER
- control field: 17034
003 - CONTROL NUMBER IDENTIFIER
- control field: BD-RjUL
005 - DATE AND TIME OF LATEST TRANSACTION
- control field: 20251006102016.0
008 - FIXED-LENGTH DATA ELEMENTS
- fixed length control field: 251006|| aca||aabn | a|a d
040 ## - CATALOGING SOURCE
- Original cataloging agency: BD-RjUL
- Transcribing agency: BD-RjUL
110 ## - HEADING--CORPORATE NAME
- Corporate name or jurisdiction name as entry element: Catholic Church.
- Subordinate unit: Liturgy and ritual. Psalter (Canterbury psalter)
670 ## - SOURCE DATA FOUND
- Source citation: Work cat.: (BD-RjUL)85780: Catholic Church. Liturgy and ritual. Psalter (Canterbury psalter) , Eadwine's Canterbury psalter,/, 1889.